000 00423nam a22001697a 4500
003 SGT
020 _a9789356969353
082 _a617.7
_bB25J
100 _aJOGI, RENU
245 _aBASIC OPHTHALMOLOGY INCUDING CLINICAL EVALUATION
250 _a6TH
260 _aINDIA
_bJAYPEE PUB
_c2025
300 _a621
650 _aOPHTHALMOLOGY
653 _aBASIC OPHTHALMOLOGY INCUDING CLINICAL EVALUATION
942 _2ddc
_cBK
999 _c33709
_d33709